<?xml version="1.0" encoding="UTF-8"?>
<record
    xmlns:xsi="http://www.w3.org/2001/XMLSchema-instance"
    xsi:schemaLocation="http://www.loc.gov/MARC21/slim http://www.loc.gov/standards/marcxml/schema/MARC21slim.xsd"
    xmlns="http://www.loc.gov/MARC21/slim">

  <leader>01073cam a22002651  4500</leader>
  <controlfield tag="001">it 01000239 </controlfield>
  <controlfield tag="003">DLC</controlfield>
  <controlfield tag="005">20260227111518.0</controlfield>
  <controlfield tag="008">810310s1731    it ac         000 0bita  </controlfield>
  <datafield tag="010" ind1=" " ind2=" ">
    <subfield code="a">it 01000239 </subfield>
  </datafield>
  <datafield tag="040" ind1=" " ind2=" ">
    <subfield code="a">DLC</subfield>
    <subfield code="c">CarP</subfield>
    <subfield code="d">DLC</subfield>
  </datafield>
  <datafield tag="050" ind1="0" ind2="0">
    <subfield code="a">PQ4627.L5</subfield>
    <subfield code="b">M3 1731</subfield>
  </datafield>
  <datafield tag="100" ind1="1" ind2=" ">
    <subfield code="a">Lippi, Lorenzo,</subfield>
    <subfield code="d">1606-1665.</subfield>
  </datafield>
  <datafield tag="245" ind1="1" ind2="3">
    <subfield code="a">Il Malmantile racquistato</subfield>
    <subfield code="c">di Perlone Zipoli [pseud.] colle note di Puccio Lamoni [pseud.] e d'altri.</subfield>
  </datafield>
  <datafield tag="260" ind1=" " ind2=" ">
    <subfield code="a">Firenze,</subfield>
    <subfield code="b">Stamperia di M. Nestenus e F. Mo&#xFC;cke,</subfield>
    <subfield code="c">1731.</subfield>
  </datafield>
  <datafield tag="300" ind1=" " ind2=" ">
    <subfield code="a">1 v. in 2.</subfield>
    <subfield code="b">1 illus., 2 port. (1 fold.)</subfield>
    <subfield code="c">25 cm.</subfield>
  </datafield>
  <datafield tag="500" ind1=" " ind2=" ">
    <subfield code="a">Paged continuously.</subfield>
  </datafield>
  <datafield tag="500" ind1=" " ind2=" ">
    <subfield code="a">Edited by A.M. Biscioni.</subfield>
  </datafield>
  <datafield tag="500" ind1=" " ind2=" ">
    <subfield code="a">Added t.-p., engr.</subfield>
  </datafield>
  <datafield tag="500" ind1=" " ind2=" ">
    <subfield code="a">Includes "Vita di Lorenzo Lippi ... scritta da Filippo Baldinucci" and "Notizie storiche e letterarie intorno al ... Paolo Minucci."</subfield>
  </datafield>
  <datafield tag="700" ind1="1" ind2=" ">
    <subfield code="a">Biscioni, Antonio Maria,</subfield>
    <subfield code="d">1674-1756,</subfield>
    <subfield code="e">ed.</subfield>
  </datafield>
  <datafield tag="700" ind1="1" ind2=" ">
    <subfield code="a">Baldinucci, Filippo,</subfield>
    <subfield code="d">1625-1696.</subfield>
  </datafield>
  <datafield tag="700" ind1="1" ind2=" ">
    <subfield code="a">Lamoni, Puccio,</subfield>
    <subfield code="d">1625-1695.</subfield>
  </datafield>
  <datafield tag="710" ind1="2" ind2=" ">
    <subfield code="a">Pre-1801 Imprint Collection (Library of Congress)</subfield>
    <subfield code="5">DLC [from old catalog]</subfield>
  </datafield>
  <datafield tag="999" ind1=" " ind2=" ">
    <subfield code="c">34854</subfield>
    <subfield code="d">34854</subfield>
  </datafield>
</record>
